=LDR 00000nam 2200000 4500 =001 INLIS000000000003648 =005 20130612091943 =008 ***********************************Ind** =035 ##$$0010-061300000003648 =041 ##$$a Ind =082 ##$$a 507 =090 ##$$a 507, Das =245 ##$$a Dasar-dasar pendidikan sains ic, Drs.Sukarno ...[et al.] =260 ##$$a 1981 $b Jakarta =300 ##$$a vii, 153 hlm., ilus., 1981 =650 ##$$a Sains =700 ##$$a Sukarno =850 ##$$a NBPNMAT =990 ##$$a 0001/BPAP-NTB/20142015